| 000 | 00794nam a2200241 a 4500 | ||
|---|---|---|---|
| 001 | 000023928 | ||
| 005 | 20200930022558.0 | ||
| 008 | 110117s1993 sp 000 d spa d | ||
| 020 | _a8477583137 | ||
| 040 |
_aDO-SdBNP _bspa _cBNPHU |
||
| 082 |
_a879.4 _bA655as |
||
| 100 | 1 |
_aApuleyo, Lucio, _d124 d.C.-180 d.C. _949230 |
|
| 245 | 1 | 3 |
_aEl asno de oro / _cLucio Apuleyo ; prólogo de Joaquín del Moral Ruíz. |
| 260 |
_aMadrid : _bClub Internacional del Libro, _c[1993]. |
||
| 300 |
_a255 p. ; _c19 cm. |
||
| 490 | 1 | _aGrandes genios de la literatura Universal | |
| 650 | 4 |
_aNovela latina _949231 |
|
| 650 | 4 |
_aLiteratura latina _93147 |
|
| 700 | 1 |
_aMoral Ruíz, Joaquín del, _epról. _912826 |
|
| 830 | 0 |
_aGrandes genios de la literatura Universal _97077 |
|
| 910 | _aWM | ||
| 049 | _aBNGR | ||
| 999 |
_c23424 _d23424 |
||